| 000 | 01190nam a2200193 4500 | ||
|---|---|---|---|
| 999 |
_c63832 _d63832 |
||
| 003 | Ge_BSU | ||
| 005 | 20260129210039.0 | ||
| 008 | 260129s1966 ge ||||| |||| 00| 0 geo d | ||
| 041 | _ageo | ||
| 080 | _a330.31(479.22) მ-54 | ||
| 100 |
_aმელქაძე, ვალერიან _926759 |
||
| 245 |
_aსოციალისტური კვლავწარმოება საბჭოთა საქართველოში : _bსაზოგადოებრივი პროდუქტი და ეროვნული შემოსავალი : [წარმოება] / _cვალერიან მელქაძე. |
||
| 264 |
_aთბილისი : _bსაბჭ. საქართველო, _c1966. |
||
| 300 |
_a329 გვ. : _bცხრილ., 1 ფ. სქემ.; _c22 სმ. |
||
| 504 | _aბიბლიოგრაფია შენიშვნებში. | ||
| 653 | _aსოციალისტური კვლავწარმოება | ||
| 653 | _aსაზოგადოებრივი პროდუქტი. ეროვნული შემოსავალი | ||
| 942 |
_2udc _cᲬᲘᲒᲜᲘ |
||